An account of the rise and progress of Mahometanism / (Record no. 20471)

MARC details
000 -LEADER
fixed length control field 00805cam a2200253u 4500
001 - CONTROL NUMBER
control field 6070526
003 - CONTROL NUMBER IDENTIFIER
control field BDDh-ASL
005 - DATE AND TIME OF LATEST TRANSACTION
control field 20231015025907.0
008 - FIXED-LENGTH DATA ELEMENTS--GENERAL INFORMATION
fixed length control field 801220s1954 pk 000 0 eng
010 ## - LIBRARY OF CONGRESS CONTROL NUMBER
LC control number a 58004778
040 ## - CATALOGING SOURCE
Original cataloging agency DLC
Transcribing agency CarP
Modifying agency DLC
-- BDDh-ASL
050 00 - LIBRARY OF CONGRESS CALL NUMBER
Classification number BP160
Item number .S7 1954
082 ## - DEWEY DECIMAL CLASSIFICATION NUMBER
Classification number 297.09
Item number STA
100 1# - MAIN ENTRY--PERSONAL NAME
Personal name Stubbe, Henry,
Dates associated with a name 1632-1676,
Relator term supposed author.
245 13 - TITLE STATEMENT
Title An account of the rise and progress of Mahometanism /
260 ## - PUBLICATION, DISTRIBUTION, ETC.
Place of publication, distribution, etc. Lahore:
Name of publisher, distributor, etc. Orientalia,
Date of publication, distribution, etc. 1954.
300 ## - PHYSICAL DESCRIPTION
Extent 262 p.:
Dimensions 21 cm.
504 ## - BIBLIOGRAPHY, ETC. NOTE
Bibliography, etc. note Include Bibliographical References and Index
600 00 - SUBJECT ADDED ENTRY--PERSONAL NAME
Personal name MuḼammad,
Titles and other words associated with a name Prophet,
Dates associated with a name -632.
650 #0 - SUBJECT ADDED ENTRY--TOPICAL TERM
Topical term or geographic name entry element Islam
General subdivision History.
700 1# - ADDED ENTRY--PERSONAL NAME
Personal name Shairani, Hafiz Mahmud Khan, [from old catalog]
Relator term ed.
906 ## - LOCAL DATA ELEMENT F, LDF (RLIN)
a 0
b cbc
c premunv
d u
e ncip
f 19
g y-gencatlg
942 ## - ADDED ENTRY ELEMENTS (KOHA)
Source of classification or shelving scheme Dewey Decimal Classification
Koha item type Books
Holdings
Withdrawn status Lost status Source of classification or shelving scheme Damaged status Not for loan Collection code Home library Current library Shelving location Date acquired Source of acquisition Total Checkouts Full call number Barcode Date last seen Copy number Price effective from Koha item type Public note
    Dewey Decimal Classification   Not For Loan Non-fiction Asiatic Society Library Asiatic Society Library General Stacks 01/09/2021 ASB Collection   297.09 STA 103919 01/09/2021 C-1 01/09/2021 Books RARE
    Dewey Decimal Classification   Not For Loan Non-fiction Asiatic Society Library Asiatic Society Library General Stacks 01/09/2021 ASB Collection   297.09 STA 103922 01/09/2021 C-2 01/09/2021 Books RARE

Powered by Koha